2024 MLB Season Recap - Statistics

General Stats
  • This quiz has been taken 36 times
  • The average score is 16 of 23
Answer Stats
Hint Answer % Correct
AL MVP Aaron Judge
100%
World Series MVP Freddie Freeman
100%
World Series Champion Los Angeles Dodgers
100%
NL MVP Shohei Ohtani
100%
World Series Runner-Up New York Yankees
97%
NL Rookie of the Year Paul Skenes
94%
AL Cy Young Tarik Skubal
94%
Closer who posted a 0.61 ERA and 47 saves Emmanuel Clase
90%
Country where season began South Korea
90%
NL Cy Young Chris Sale
84%
NL Batting Champ Luis Arraez
84%
AL Batting Champ Bobby Witt Jr.
74%
AL Rookie of the Year Luis Gil
74%
All Star Game MVP Jarren Duran
65%
Threw a No-Hitter (Team) Chicago Cubs
61%
Threw a No-Hitter Blake Snell
58%
All Star Game host city Dallas/Arlington
55%
Threw a No-Hitter Dylan Cease
55%
Threw a No-Hitter Ronel Blanco
52%
Hall of Fame Inductee Adrian Beltre
29%
Hall of Fame Inductee Joe Mauer
26%
Hall of Fame Inductee Todd Helton
26%
Hall of Fame Inductee (Manager) Jim Leyland
19%
No matching quizzes found
Score Distribution
Percent of People with Each Score
Percentile by Number Answered
Your Score History
You have not taken this quiz